000 00402 a2200169 4500
001 190315
020 _a85-262-4890-1
040 _cMagnum
100 _aCompany, Mercè
240 1 0 _aAs trigêmeas e chapeuzinho vermelho
_lpor
245 1 0 _aAs trigêmeas e chapeuzinho vermelho
300 _a31
362 0 _a2003
440 1 _aScipione
697 _aLITERATURA INFANTIL ESPANHOLA
942 _cBK
999 _c190315
_d190315